Finite Markov chains /

Đã lưu trong:
Bibliografiske detaljer
Hovedforfatter: Kemeny, John G.
Andre forfattere: Snell, J. Laurie
Format: Sách giấy
Sprog:English
Udgivet: New Jersey : , 1975
Tags: Tilføj Tag
Ingen Tags, Vær først til at tagge denne postø!
Thư viện lưu trữ: Thư viện Trường Đại học Đà Lạt
LEADER 00583nam a2200253 4500
001 DLU020018290
005 ##7/30/2001
020 # # |a 978- 
041 # # |a eng 
082 # # |a 519.233  |b KE-J 
100 # # |a Kemeny, John G. 
245 # # |a Finite Markov chains /  |c John G. Kemeny, J. Laurie Snell 
260 # # |a New Jersey :  |b ,  |c 1975 
300 # # |a VIII, 210 tr.;   |c 24 cm. 
700 # # |a Snell, J. Laurie 
992 # # |a 0 
994 # # |a DLU 
900 # # |a False 
911 # # |a Administrator 
925 # # |a G 
926 # # |a A 
927 # # |a SH 
980 # # |a Thư viện Trường Đại học Đà Lạt